| 000 | 00586nam a2200193 i 4500 | ||
|---|---|---|---|
| 001 | 124581 | ||
| 003 | ES-MaACL | ||
| 007 | t| | ||
| 008 | 070330s1933 sp ||||1| spa d | ||
| 100 | 1 |
_aBauer, Hugo. _926551 |
|
| 245 | 1 | 0 |
_aHistoria de la química / _cHugo Bauer ; traducción de la cuarta edición alemana por Vicenta Arnal. |
| 260 |
_aBarcelona : _bLabor, _c[1933] |
||
| 300 |
_a236 p. ; _c17 cm. |
||
| 490 | 1 |
_aColección Labor ; _v332 |
|
| 700 | 1 |
_aArnal, Vicenta. _923032 |
|
| 830 | 0 | 0 |
_aColección Labor _v332 _9184254 |
| 852 |
_aES-MaACL _jE-2818 |
||
| 999 |
_c124581 _d124581 |
||